00838nam a2200241 4500003001100000005001700011008004100028020001800069040003900087041000800126082001800134100002000152245006000172260003400232300006800266650003100334650003500365650003800400650004500438942000700483952009100490999001500581LK-CoMWRAF20230828124053.0230819b2006 |||||||| |||| 00| 0 eng d a9789551266585 aLK-CoMWRAFdLK-CoMWRAFeLK-CoMWRAF aeng a355.0335bSIN aSingh, Harkirat aIntervention in Sri Lanka:bthe IPKF Experience Retold  aColombo:bVijitha Yapa,c2006 a188 p., [12] p. of plates : ill., maps ; 23 cm.bIndex included aINDIAN PEACE KEEPING FORCE aPeacekeeping forces-Sri Lanka  aPolitics and government-Sri Lanka aForeign relations- India India-Sri Lanka cBK 00104070aMAINbMAINd2023-08-19l0o355.0335 SINpRAF49r2023-08-19w2023-08-19yBK c3225d3225